00407nam a2200121 4500008004100000100002000041245013100061260000900192300001500201650001400216700002400230773003100254190207b ||||| |||| 00| 0 eng d aOverton, Louise aStakeholder conceptions of later-life consumer vulnerability in the financial services industry:bbeyond financial capability? c2018 ap.273-295. aConsumers aO'Mahony, Lorna Fox aJournal of Consumer Policy